A study of the factors influencing the operating location decisions of small firms (Record no. 72801)
[ view plain ]
| 000 -LEADER | |
|---|---|
| fixed length control field | 01020cam a2200229 4500 |
| 001 - CONTROL NUMBER | |
| control field | ABS66688 |
| 008 - FIXED-LENGTH DATA ELEMENTS--GENERAL INFORMATION | |
| fixed length control field | 030530n2003 000 0 eng u |
| 035 ## - SYSTEM CONTROL NUMBER | |
| System control number | (Sirsi) u122477 |
| 100 ## - MAIN ENTRY--PERSONAL NAME | |
| Personal name | Mazzarol, T. |
| 245 #2 - TITLE STATEMENT | |
| Title | A study of the factors influencing the operating location decisions of small firms |
| 260 ## - PUBLICATION, DISTRIBUTION, ETC. | |
| Date of publication, distribution, etc. | 2003 |
| 490 ## - SERIES STATEMENT | |
| Series statement | Property Management |
| Volume/sequential designation | 21(2) 2003, 190-208(19) |
| 520 ## - SUMMARY, ETC. | |
| Summary, etc. | Investigates the purchase of industrial real estate by small to medium enterprises. Using a range of samples, highlights the subjective decision making associated with the smaller firms compared with the 'buying-centre' objectivity of the larger firms. Points out that developers of industrial land should understand the needs of small firms and discusses implications for future research. Tables and references. |
| 590 ## - LOCAL NOTE (RLIN) | |
| Local note | ABS |
| 650 ## - SUBJECT ADDED ENTRY--TOPICAL TERM | |
| Topical term or geographic name entry element | DECISION MAKING |
| 650 ## - SUBJECT ADDED ENTRY--TOPICAL TERM | |
| Topical term or geographic name entry element | SMES |
| 650 ## - SUBJECT ADDED ENTRY--TOPICAL TERM | |
| Topical term or geographic name entry element | SMALL BUSINESSES |
| 650 ## - SUBJECT ADDED ENTRY--TOPICAL TERM | |
| Topical term or geographic name entry element | LOCATION |
| 690 ## - LOCAL SUBJECT ADDED ENTRY--TOPICAL TERM (OCLC, RLIN) | |
| Topical term or geographic name as entry element | PROPERTY-PROPERTY DEVELOPMENT |
| 700 ## - ADDED ENTRY--PERSONAL NAME | |
| Personal name | Choo, S. |
| 942 ## - ADDED ENTRY ELEMENTS (KOHA) | |
| Suppress in OPAC | 0 |
| Withdrawn status | Lost status | Source of classification or shelving scheme | Damaged status | Not for loan | Home library | Current library | Shelving location | Date acquired | Total Checkouts | Full call number | Barcode | Date last seen | Copy number | Price effective from | Koha item type |
|---|---|---|---|---|---|---|---|---|---|---|---|---|---|---|---|
| Dewey Decimal Classification | London | London | Journal article | 30/05/2003 | ABS66688 | 122477-1001 | 06/08/2019 | 1 | 06/08/2019 | Journal article |